000 00744nam a2200289Ia 4500
005 20260324131041.0
008 008 260324s9999 xx 000 0 eng d
020 _a9780203964927
037 _aEBOOK
040 _aCRL
040 _beng
040 _cCRL
041 _2eng
041 _aeng
084 _qCRL
100 _aHans Born; Marina Caparini; Karl Haltiner; Jürgen Kuhlmann
_91184035
245 0 _aCivil-Military Relations in Europe
245 0 _bLearning from Crisis and Institutional Change
260 _bTaylor and Francis
260 _c2006
365 _a
365 _b280
856 _uhttp://www.taylorfrancis.com/books/9780203964927
942 _cEBOOK
999 _c1780851
_d1780851